000 00869nam a2200253Ia 4500
003 OSt
005 20220923224311.0
006 a|||||r|||| 00| 0
007 ta
008 220922b |||||||| |||| 00| 0 hin d
024 _a230,654
037 _cTextual
040 _aARTS
_cARTS
_bhin
041 _2hin
_ahin
082 _aO152,6M56:g, N2
100 _aतिवारी, राम चन्द्र
245 0 _aप्रताप नारायण मिश्र
246 _aPratāp nārāyaṇ mishra
260 _aनई दिल्ली
_b साहित्य अकादमी
_c1992
300 _a72पृ.
_ccm.
490 _aभारतीय साहित्य के निर्माता
942 _hO152,6M56:g, N2
_cTEXL
_2CC
999 _c370489
_d370489